[Event "13th Parsvnath Open"]
[Site "New Delhi IND"]
[Date "2015.01.10"]
[Round "2.53"]
[White "Lakshmi Narayanan, MV"]
[Black "Kavinda, Akila"]
[Result "1-0"]
[WhiteElo "2215"]
[BlackElo "1954"]
[WhiteFideId "5040647"]
[BlackFideId "9901302"]
[EventDate "2015.01.09"]

1. d4 Nf6 2. c4 g6 3. Nc3 d5 4. Bg5 Ne4 5. Bh4 Nxc3 6. bxc3 Bg7 7. e3 c5 8. cxd5
cxd4 9. cxd4 Qxd5 10. Nf3 Nc6 11. Be2 O-O 12. O-O e5 13. dxe5 Qxd1 14. Rfxd1
Nxe5 15. Nd4 Bd7 16. Rab1 b6 17. Ba6 Bc8 18. Be2 Bb7 19. f4 Nc6 20. Nb5 Na5 21.
Nd6 Bc6 22. Kf2 Nb7 23. Rbc1 Nxd6 24. Rxd6 Be4 25. Ba6 Rfe8 26. Rc7 Bf5 27. Bc4
Rac8 28. Bxf7+ Kh8 29. Bxe8 Rxc7 30. Rd8 Rc8 31. Rxc8 Bxc8 32. e4 Be6 33. a4
Bd4+ 34. Kf3 Bb3 35. Bf2 Bd1+ 36. Kg3 Bxf2+ 37. Kxf2 Kg7 38. Ke3 a6 39. Kd4 Kf6
40. Bc6 Be2 41. g3 h6 42. e5+ Ke6 43. Bd5+ Ke7 44. h4 Bd1 45. Bc4 Bxa4 46. Bxa6
Bc6 47. Bd3 Kf7 48. g4 g5 49. hxg5 hxg5 50. Be4 Bxe4 51. Kxe4 gxf4 52. Kxf4 Ke6
53. Ke4 b5 54. g5 b4 55. g6 Ke7 56. Kd3 1-0

[Event "13th Parsvnath Open"]
[Site "New Delhi IND"]
[Date "2015.01.10"]
[Round "2.54"]
[White "Negi, D.S."]
[Black "Popov, Ivan RUS"]
[Result "0-1"]
[BlackTitle "GM"]
[WhiteElo "1912"]
[BlackElo "2622"]
[WhiteFideId "5006783"]
[BlackFideId "4170350"]
[EventDate "2015.01.09"]

1. e4 c6 2. d4 d5 3. exd5 cxd5 4. c4 Nf6 5. Nc3 Nc6 6. Nf3 Be6 7. c5 g6 8. Bb5
Bg7 9. Ne5 Bd7 10. O-O Nxe5 11. dxe5 Ne4 12. Bxd7+ Qxd7 13. Nxe4 dxe4 14. Qxd7+
Kxd7 15. Bf4 Ke6 16. Rae1 Kf5 17. Bg3 Bxe5 18. Bxe5 Kxe5 19. f3 f5 20. fxe4 f4
21. Rf3 Rad8 22. Ra3 Rd2 23. Rb3 Rc8 24. Rxb7 Rxc5 25. Rxe7+ Kf6 26. Rxa7 Rcc2
27. e5+ Ke6 28. Rxh7 Rxg2+ 29. Kh1 Rxb2 30. Rg1 Rxg1+ 31. Kxg1 Kxe5 32. a3 Rb3
33. Kf2 Rxa3 34. Rb7 Kf5 35. Rb2 Kg4 36. Kg2 g5 37. Rc2 f3+ 38. Kf2 Kh3 39. Rc8
Ra2+ 40. Kxf3 g4+ 41. Kf4 Ra4+ 42. Kg5 Kxh2 43. Rc2+ Kh3 44. Rc3+ 0-1

[Event "13th Parsvnath Open"]
[Site "New Delhi IND"]
[Date "2015.01.10"]
[Round "2.55"]
[White "Tiwari, Ashwani"]
[Black "Navalgund, Niranjan"]
[Result "0-1"]
[WhiteTitle "FM"]
[WhiteElo "2037"]
[BlackElo "2309"]
[WhiteFideId "5006961"]
[BlackFideId "5030854"]
[EventDate "2015.01.09"]

1. e4 e5 2. Nf3 Nc6 3. Bb5 a6 4. Ba4 Nf6 5. O-O Be7 6. Re1 b5 7. Bb3 d6 8. c3
O-O 9. h3 Nb8 10. d4 Nbd7 11. Nbd2 Bb7 12. Bc2 Re8 13. Nf1 Bf8 14. Ng3 g6 15. a4
Bg7 16. Bd3 c6 17. Bg5 Qe7 18. Qd2 Qf8 19. Ra3 Rac8 20. Be3 Kh8 21. Nh2 d5 22.
axb5 cxb5 23. exd5 Nxd5 24. Bf1 f5 25. dxe5 f4 0-1

[Event "13th Parsvnath Open"]
[Site "New Delhi IND"]
[Date "2015.01.10"]
[Round "2.56"]
[White "Sangma, Rahul"]
[Black "Alahakoon, Isuru"]
[Result "1-0"]
[WhiteTitle "IM"]
[WhiteElo "2289"]
[BlackElo "2042"]
[WhiteFideId "5013615"]
[BlackFideId "9900993"]
[EventDate "2015.01.09"]

1. e4 c5 2. Nf3 d6 3. d4 cxd4 4. Nxd4 Nf6 5. f3 a6 6. c4 e6 7. Nc3 Be7 8. Be3
O-O 9. Be2 Qc7 10. Rc1 Nbd7 11. O-O b6 12. Qe1 Bb7 13. Qf2 Rac8 14. b4 Rfe8 15.
a3 Qb8 16. Rc2 Bd8 17. Rfc1 Bc7 18. Kh1 d5 19. exd5 exd5 20. Nxd5 Bxh2 21. f4
Bxd5 22. cxd5 Rxc2 23. Nxc2 Ne4 24. Qf3 Bg3 25. Bd3 Ndf6 26. Nd4 g6 27. Ne2 Nxd5
28. Bxe4 Nxe3 29. Nxg3 f5 30. Qxe3 fxe4 31. Nxe4 Kg7 32. Qc3+ Kh6 33. Nf6 Rf8
34. Ng4+ 1-0

[Event "13th Parsvnath Open"]
[Site "New Delhi IND"]
[Date "2015.01.10"]
[Round "2.57"]
[White "Pradip, Tiwari"]
[Black "Safranska, Anda"]
[Result "1-0"]
[BlackTitle "WGM"]
[WhiteElo "2030"]
[BlackElo "2261"]
[WhiteFideId "5045436"]
[BlackFideId "11600209"]
[EventDate "2015.01.09"]

1. b3 Nf6 2. Bb2 g6 3. g3 Bg7 4. Bg2 O-O 5. e3 c5 6. Ne2 Nc6 7. O-O d5 8. d3 e5
9. Nd2 Re8 10. e4 d4 11. h3 Nh5 12. a4 Rb8 13. Nc4 Be6 14. Bc1 Qd7 15. Kh2 Rbc8
16. Bd2 Rf8 17. Rb1 b6 18. g4 Nf6 19. f4 exf4 20. Nxf4 Qc7 21. Kg1 Nd7 22. Nd5
Qd8 23. Bf4 Nde5 24. Qe1 Nxc4 25. bxc4 Ne5 26. Qg3 Bxd5 27. exd5 f6 28. g5 Nd7
29. h4 f5 30. Rfe1 1-0

[Event "13th Parsvnath Open"]
[Site "New Delhi IND"]
[Date "2015.01.10"]
[Round "2.58"]
[White "Arvind, Shastry"]
[Black "Rishi, Thariani"]
[Result "1-0"]
[WhiteElo "2261"]
[BlackElo "2027"]
[WhiteFideId "5008778"]
[BlackFideId "5030501"]
[EventDate "2015.01.09"]

1. d4 d5 2. Nf3 e6 3. c4 Nf6 4. Nc3 Be7 5. Bf4 O-O 6. e3 Nbd7 7. Be2 c6 8. O-O
b5 9. Qc2 Nh5 10. Be5 f6 11. cxd5 exd5 1-0

[Event "13th Parsvnath Open"]
[Site "New Delhi IND"]
[Date "2015.01.10"]
[Round "2.59"]
[White "Hemanth, Raam"]
[Black "Surendran, N."]
[Result "0-1"]
[WhiteElo "2015"]
[BlackElo "2197"]
[WhiteFideId "5084580"]
[BlackFideId "5021243"]
[EventDate "2015.01.09"]

1. e4 c5 2. Nf3 d6 3. d4 cxd4 4. Nxd4 Nf6 5. Nc3 a6 6. g3 e5 7. Nde2 Be6 8. Bg2
Nbd7 9. O-O Be7 10. h3 O-O 11. g4 h6 12. Ng3 Nb6 13. Nd5 Nbxd5 14. exd5 Bd7 15.
Kh2 Qc8 16. f4 exf4 17. Bxf4 Re8 18. Qd2 Nh7 19. Ne4 f5 20. gxf5 Bxf5 21. Nxd6
Bxd6 22. Bxd6 Ng5 23. Qc3 Qd7 24. Qc7 Re2 25. Qxd7 Bxd7 26. h4 Bh3 27. Rg1 Bxg2
28. Rxg2 Nf3+ 29. Kg3 Rxg2+ 30. Kxg2 Nxh4+ 31. Kh3 Nf5 32. Bc7 Kf7 33. Re1 Re8
34. Rxe8 Kxe8 35. c4 Kd7 36. Be5 g5 37. c5 h5 38. d6 Ke6 39. Bc3 g4+ 40. Kg2 h4
41. Be1 h3+ 42. Kh2 Nd4 43. Bf2 Nf3+ 44. Kg3 Nd2 45. Bd4 h2 46. Kg2 g3 47. b4
Ne4 48. Bg1 hxg1=Q+ 49. Kxg1 Nc3 50. a3 Nb5 51. a4 Nc3 52. a5 Nd5 53. Kg2 0-1

[Event "13th Parsvnath Open"]
[Site "New Delhi IND"]
[Date "2015.01.10"]
[Round "2.60"]
[White "Madhurima, Shekhar"]
[Black "Krishna Teja, N"]
[Result "0-1"]
[WhiteElo "2012"]
[BlackElo "2158"]
[WhiteFideId "5067910"]
[BlackFideId "5001498"]
[EventDate "2015.01.09"]

1. e4 e6 2. d4 d5 3. Nc3 Nf6 4. e5 Nfd7 5. f4 c5 6. Nf3 Nc6 7. Be3 a6 8. Qd2 b5
9. Bd3 Qb6 10. Qf2 c4 11. Be2 b4 12. Na4 Qa5 13. b3 c3 14. O-O g6 15. Bd3 Nb6
16. Nxb6 Qxb6 17. Rae1 a5 18. h3 h5 19. Ng5 Bh6 20. Qg3 Ne7 21. Qf3 h4 22. Qg4
Bxg5 23. fxg5 Ba6 24. Qf4 Bxd3 25. Qxf7+ Kd7 26. cxd3 Raf8 27. Qg7 Rhg8 28. Qh7
Qa6 29. Qxh4 Rxf1+ 30. Rxf1 Qxd3 31. Bc1 Kc6 32. Qh7 Qxd4+ 33. Kh1 Kd7 34. Qh6
Qxe5 35. Qh4 Nf5 36. Rxf5 exf5 37. Be3 c2 38. Qf4 Qxf4 39. Bxf4 Re8 0-1

[Event "13th Parsvnath Open"]
[Site "New Delhi IND"]
[Date "2015.01.10"]
[Round "2.61"]
[White "Md. Manik, Miah"]
[Black "Dhar, Rajib"]
[Result "0-1"]
[WhiteElo "2011"]
[BlackElo "2151"]
[WhiteFideId "10213660"]
[BlackFideId "5015596"]
[EventDate "2015.01.09"]

1. e4 c5 2. Nf3 Nc6 3. c3 d5 4. exd5 Qxd5 5. Be2 e5 6. O-O e4 7. Ne1 Bd6 8. f4
Nf6 9. Na3 O-O 10. d3 exd3 11. Nxd3 Bf5 12. Nf2 Rad8 13. Qa4 Bb8 14. Bf3 Qd7 15.
Be3 Ne5 16. Qxd7 Nxf3+ 17. gxf3 Nxd7 18. Rad1 b6 19. Nb5 Nf6 20. c4 Rfe8 21.
Rxd8 Rxd8 22. Nc3 Re8 23. Bd2 0-1

[Event "13th Parsvnath Open"]
[Site "New Delhi IND"]
[Date "2015.01.10"]
[Round "2.62"]
[White "Raja, Harshit"]
[Black "Nyland, Thomas"]
[Result "0-1"]
[WhiteElo "2144"]
[BlackElo "2013"]
[WhiteFideId "5089000"]
[BlackFideId "1504428"]
[EventDate "2015.01.09"]

1. e4 e5 2. Nf3 Nc6 3. Bc4 Bc5 4. c3 Nf6 5. d3 d6 6. Bb3 O-O 7. Bg5 h6 8. Bh4 a5
9. Nbd2 Qe7 10. h3 Re8 11. g4 Be6 12. g5 hxg5 13. Bxg5 Bxb3 14. Nxb3 Qe6 15.
Nxc5 dxc5 16. Rg1 Rad8 17. Qe2 Rd6 18. Nh4 Ne7 19. Rg3 Red8 20. Rf3 b5 0-1

[Event "13th Parsvnath Open"]
[Site "New Delhi IND"]
[Date "2015.01.10"]
[Round "3.1"]
[White "Karthikeyan, P."]
[Black "Gupta, Abhijeet"]
[Result "0-1"]
[WhiteTitle "IM"]
[BlackTitle "GM"]
[WhiteElo "2435"]
[BlackElo "2631"]
[WhiteFideId "5018226"]
[BlackFideId "5010608"]
[EventDate "2015.01.09"]

1. e4 c5 2. Nf3 d6 3. d4 cxd4 4. Nxd4 Nf6 5. Nc3 Nc6 6. Bg5 e6 7. Qd2 a6 8.
O-O-O Bd7 9. f3 Be7 10. h4 O-O 11. Kb1 Nxd4 12. Qxd4 Bc6 13. Bd3 b5 14. Qf2 Nd7
15. Qg3 Ne5 16. Ne2 b4 17. Nf4 Kh8 18. Nh5 Rg8 19. Be3 Qe8 20. Be2 Bb5 21. Qf2
Qc6 22. Bd4 Bxe2 23. Qxe2 Nc4 24. g4 a5 25. g5 a4 26. g6 e5 27. Be3 fxg6 28. Ng3
Rgc8 29. Bc1 b3 30. cxb3 axb3 31. a3 Nxa3+ 32. bxa3 Qc2+ 33. Ka1 Rxa3+ 0-1

[Event "13th Parsvnath Open"]
[Site "New Delhi IND"]
[Date "2015.01.10"]
[Round "3.2"]
[White "David, Alberto"]
[Black "Del Rey, Diego"]
[Result "1-0"]
[WhiteTitle "GM"]
[BlackTitle "IM"]
[WhiteElo "2572"]
[BlackElo "2390"]
[WhiteFideId "4000013"]
[BlackFideId "102164"]
[EventDate "2015.01.09"]

1. e4 c5 2. Nf3 Nc6 3. Bb5 e5 4. O-O Bd6 5. c3 Nge7 6. d4 cxd4 7. cxd4 exd4 8.
Nxd4 O-O 9. Nf3 Bc5 10. Nc3 a6 11. Be2 b5 12. Bg5 Bb7 13. Nd5 Nb4 14. Rc1 Nbxd5
15. Rxc5 Qb6 16. b4 Nf6 17. e5 Nfd5 18. Bxe7 Nxe7 19. Qxd7 Ng6 20. g3 Rad8 21.
Qf5 h6 22. Rd1 Ne7 23. Qg4 Bd5 24. a3 Be6 25. Qe4 Bf5 26. Qe3 Bh3 27. Nd4 Rfe8
28. g4 Nd5 29. Qxh3 Rxe5 30. Qf3 1-0

[Event "13th Parsvnath Open"]
[Site "New Delhi IND"]
[Date "2015.01.10"]
[Round "3.3"]
[White "Nitin, S."]
[Black "Cruz, Cristhian"]
[Result "1/2-1/2"]
[WhiteTitle "IM"]
[BlackTitle "GM"]
[WhiteElo "2355"]
[BlackElo "2546"]
[WhiteFideId "5018277"]
[BlackFideId "3801969"]
[EventDate "2015.01.09"]

1. e4 c5 2. Nf3 d6 3. d4 cxd4 4. Nxd4 Nf6 5. Nc3 a6 6. Qf3 Nbd7 7. Be2 g6 8. h3
Bg7 9. Be3 Qc7 10. g4 Ne5 11. Qg2 Nc4 12. Bxc4 Qxc4 13. O-O-O Bd7 14. f4 e5 15.
Nb3 exf4 16. Bxf4 O-O 17. Bxd6 Rfe8 18. Rhe1 a5 19. e5 Bc6 20. Qg3 Nd7 21. Nd4
a4 22. a3 Ra5 23. Bc7 Rc5 24. Nxc6 Rxc6 25. Rxd7 Rxc7 26. Re4 Qxe4 27. Nxe4 Rxd7
28. Nf6+ Bxf6 29. exf6 h6 30. h4 Rd5 31. g5 Ree5 32. c4 Rc5 33. Kb1 Re8 34. gxh6
Rec8 35. Ka2 Kh7 36. Qe3 Kg8 37. Qe7 R5c7 38. Qe4 Kh7 39. h5 Rg8 40. c5 Rgc8 41.
hxg6+ fxg6 42. Qxa4 Rf7 43. Qb3 Rcc7 44. Qe6 g5 45. b4 Kxh6 46. b5 Kg6 47. Qe5
Rc8 48. a4 Rxf6 49. Qe4+ Kh6 50. Qh1+ Kg6 51. Qe4+ Kh6 52. c6 bxc6 53. b6 Rb8
54. a5 c5 55. Qe5 Rbxb6 56. axb6 Rxb6 57. Qh8+ Kg6 58. Qg8+ Kh6 59. Qf8+ Kg6 60.
Qxc5 Rf6 61. Kb2 Rf4 62. Kc2 Rh4 63. Kd3 Rf4 64. Ke3 Kf6 65. Qf8+ Kg6 66. Qg8+
Kf6 67. Qe8 Kf5 68. Qf7+ Kg4 69. Qe6+ Kh4 70. Qh6+ Kg4 71. Qh7 Rf3+ 72. Ke4 Rf4+
73. Ke5 Rf2 74. Qe4+ Rf4 75. Qg2+ Kh4 76. Qg1 Rf8 77. Ke6 Rf4 78. Qh2+ Kg4 79.
Qg2+ Kh4 80. Ke5 Rf8 81. Qh2+ Kg4 82. Qg1+ Kh4 83. Qe1+ Kg4 84. Qe2+ Kh4 85.
Qh2+ Kg4 86. Ke6 Rf4 87. Qh7 Rf8 88. Ke7 Rf2 89. Qe4+ Rf4 90. Qh1 Rf5 91. Qg2+
Kh4 92. Qh2+ Kg4 93. Qc2 Rf4 94. Qc8+ Kh4 95. Qe6 Rf1 96. Qh6+ 1/2-1/2

[Event "13th Parsvnath Open"]
[Site "New Delhi IND"]
[Date "2015.01.10"]
[Round "3.4"]
[White "Baryshpolets, Andrey"]
[Black "Kunal, M."]
[Result "1/2-1/2"]
[WhiteTitle "GM"]
[WhiteElo "2541"]
[BlackElo "2336"]
[WhiteFideId "14117207"]
[BlackFideId "5018250"]
[EventDate "2015.01.09"]

1. d4 Nf6 2. c4 e6 3. Nf3 d5 4. Nc3 Bb4 5. cxd5 exd5 6. Bg5 c6 7. Qc2 Nbd7 8. e3
h6 9. Bh4 g5 10. Bg3 Ne4 11. Bd3 Nxg3 12. hxg3 g4 13. Nh4 Nf6 14. a3 Qa5 15. O-O
Bxc3 16. bxc3 Be6 17. c4 dxc4 18. Bxc4 Bxc4 19. Qxc4 Qd5 20. Qb4 O-O-O 21. Rab1
Rd7 22. Rfc1 Ne4 23. Qa4 a6 24. Rb6 Rc7 25. Qb4 Qa2 26. Qe1 Rd8 27. f3 gxf3 28.
gxf3 Ng5 29. Ra1 Qc2 30. Rc1 Nh3+ 31. Kh1 Nf2+ 32. Kg1 Nh3+ 33. Kh1 Nf2+ 34. Kg1
Nh3+ 1/2-1/2

[Event "13th Parsvnath Open"]
[Site "New Delhi IND"]
[Date "2015.01.10"]
[Round "3.5"]
[White "Krishna, C.R.G."]
[Black "Evdokimov, Alexander A."]
[Result "1-0"]
[BlackTitle "GM"]
[WhiteElo "2350"]
[BlackElo "2538"]
[WhiteFideId "5018625"]
[BlackFideId "4139275"]
[EventDate "2015.01.09"]

1. d4 Nf6 2. Nf3 e6 3. e3 b6 4. Bd3 Bb7 5. O-O c5 6. c4 Be7 7. Nc3 cxd4 8. exd4
d6 9. d5 e5 10. Nh4 Bc8 11. Nf5 Bxf5 12. Bxf5 O-O 13. f4 Nbd7 14. Be3 Re8 15.
Qc2 exf4 16. Bxf4 g6 17. Bh3 Nh5 18. Bd2 Ne5 19. b3 Bg5 20. Bxg5 Qxg5 21. Ne4
Qe3+ 22. Kh1 Rad8 23. Rae1 Qd4 24. Rd1 Qe3 25. Rfe1 Qh6 26. Qc3 Qg7 27. g4 Nf4
28. g5 Nh5 29. Rf1 h6 30. Nf6+ Nxf6 31. gxf6 Qh8 32. Rde1 h5 33. b4 Ng4 34. Re7
Ra8 35. Qg3 Red8 36. Bxg4 hxg4 37. Qxg4 Qh6 38. Rfe1 Qd2 39. R1e2 Qc1+ 40. Kg2
Rf8 41. h4 Qc3 42. Rf2 Rac8 43. Rxf7 Kh8 44. Rxf8+ Rxf8 45. f7 Qg7 46. Qe6 g5
47. h5 Kh7 48. Rf6 g4 49. Qf5+ Kh8 50. h6 1-0

[Event "13th Parsvnath Open"]
[Site "New Delhi IND"]
[Date "2015.01.10"]
[Round "3.6"]
[White "Grover, Sahaj"]
[Black "Gahan, M.G."]
[Result "1-0"]
[WhiteTitle "GM"]
[WhiteElo "2528"]
[BlackElo "2295"]
[WhiteFideId "5021103"]
[BlackFideId "5027373"]
[EventDate "2015.01.09"]

1. e4 c5 2. Nf3 e6 3. d4 cxd4 4. Nxd4 a6 5. Bd3 Nf6 6. Qe2 d6 7. O-O g6 8. c4
Bg7 9. Nc3 O-O 10. Rd1 Qc7 11. Nf3 Nc6 12. Bc2 Ne5 13. Nxe5 dxe5 14. b3 Re8 15.
Ba3 Qa5 16. Nb1 Bd7 17. Bd6 Nh5 18. Qe3 Qd8 19. Nd2 f6 20. c5 Bf8 21. Nc4 Bxd6
22. Nxd6 Re7 23. Nxb7 Qc7 24. Nd6 a5 25. a3 Rb8 26. Rab1 1-0

[Event "13th Parsvnath Open"]
[Site "New Delhi IND"]
[Date "2015.01.10"]
[Round "3.7"]
[White "Deepan, Chakkravarthy J."]
[Black "Harikrishnan.A.Ra"]
[Result "1-0"]
[WhiteTitle "GM"]
[WhiteElo "2484"]
[BlackElo "2200"]
[WhiteFideId "5011132"]
[BlackFideId "5081483"]
[EventDate "2015.01.09"]

1. d4 d5 2. c4 e6 3. Nf3 Nf6 4. Nc3 Be7 5. Bf4 c6 6. e3 O-O 7. Qc2 Nbd7 8. h3 b6
9. cxd5 cxd5 10. Bd3 Bb7 11. O-O Rc8 12. Rfc1 h6 13. Qb3 Ne8 14. a4 a6 15. Ne5
Nxe5 16. dxe5 f6 17. Ne2 Rxc1+ 18. Rxc1 fxe5 19. Bxe5 Bd6 20. f4 Bxe5 21. fxe5
Qg5 22. Qxb6 Qxe5 23. Nf4 Rf7 24. Qxe6 Qxe6 25. Nxe6 Re7 26. Nd8 Nd6 27. Nxb7
Rxb7 28. Bxa6 Rxb2 29. Ra1 Rb3 30. a5 Rxe3 31. Bb7 Nxb7 32. a6 Nc5 33. a7 Re8
34. a8=Q Rxa8 35. Rxa8+ Kf7 36. Ra5 Ne4 37. Rxd5 Nf6 38. Ra5 h5 39. h4 Kg6 40.
Kf2 Kh6 41. Ke3 g6 42. Kf4 Ng4 43. Ra6 Nf2 44. Ke5 Ng4+ 45. Ke6 Kg7 46. Ra7+ Kh6
47. Kf7 Kh7 48. Kf8+ Kh6 49. Kf7 Kh7 50. Ra6 Ne5+ 51. Kf6 1-0

[Event "13th Parsvnath Open"]
[Site "New Delhi IND"]
[Date "2015.01.10"]
[Round "3.8"]
[White "Pradeep, Kumar R.A."]
[Black "Narayanan, Srinath"]
[Result "1/2-1/2"]
[BlackTitle "IM"]
[WhiteElo "2291"]
[BlackElo "2477"]
[WhiteFideId "5023181"]
[BlackFideId "5018420"]
[EventDate "2015.01.09"]

1. Nf3 c5 2. c4 Nc6 3. Nc3 e5 4. g3 g6 5. Bg2 Bg7 6. O-O d6 7. Rb1 Nge7 8. a3 a5
9. d3 O-O 10. Ne1 Be6 11. Nc2 d5 12. cxd5 Nxd5 13. Ne3 Nde7 14. Nc4 Rb8 15. a4
b6 16. Bg5 f6 17. Bd2 f5 18. Nb5 h6 19. Qc1 Kh7 20. Bc3 Nd5 21. Rd1 Qe7 22. Ne3
Ndb4 23. Nc4 Rfd8 24. b3 Na2 25. Qb2 Nxc3 26. Nxc3 Nb4 27. Rbc1 Bf6 28. Qb1 Bg5
29. e3 Bf6 30. Na2 Nd5 31. e4 Nc7 32. Nc3 f4 33. Re1 Qf7 34. Nd5 Nxd5 35. exd5
Bxd5 36. Nxe5 Bxe5 37. Rxe5 f3 38. Bh3 Re8 39. d4 Rxe5 40. dxe5 Re8 41. Re1 Bxb3
42. Re3 Be6 43. Bxe6 Rxe6 44. Qb3 Qf5 45. Rxf3 Qxe5 46. Rf7+ Kh8 47. Qf3 Qe1+
48. Kg2 Qe4 49. Rf8+ Kg7 50. Rf7+ 1/2-1/2

[Event "13th Parsvnath Open"]
[Site "New Delhi IND"]
[Date "2015.01.10"]
[Round "3.9"]
[White "Cruz, Jonathan"]
[Black "Aradhya, Garg"]
[Result "1/2-1/2"]
[WhiteTitle "IM"]
[WhiteElo "2454"]
[BlackElo "2158"]
[WhiteFideId "3802124"]
[BlackFideId "25006746"]
[EventDate "2015.01.09"]

1. e4 c5 2. Nc3 Nc6 3. f4 e6 4. Nf3 d5 5. Bb5 Nf6 6. exd5 exd5 7. Ne5 Bd7 8. O-O
Be7 9. Bxc6 bxc6 10. d3 O-O 11. b3 Bd6 12. Na4 Re8 13. Bb2 Qc7 14. Qf3 d4 15.
Nc4 Bg4 16. Qg3 Re2 17. h3 Bd7 18. c3 Nh5 19. Qf3 Nxf4 20. Nxd6 Qxd6 21. Qxf4
Qg6 22. Rf2 Rae8 23. Nxc5 Rxf2 24. Kxf2 Qh5 25. Ne4 f5 26. Qg5 Qf7 27. Nd6 1/2-1/2

[Event "13th Parsvnath Open"]
[Site "New Delhi IND"]
[Date "2015.01.10"]
[Round "3.10"]
[White "Abhishek, Kelkar"]
[Black "Saptarshi, Roy"]
[Result "1/2-1/2"]
[BlackTitle "IM"]
[WhiteElo "2280"]
[BlackElo "2448"]
[WhiteFideId "5019257"]
[BlackFideId "5008980"]
[EventDate "2015.01.09"]

1. d4 d5 2. Nf3 Nf6 3. c4 e6 4. Nc3 c6 5. Bg5 Nbd7 6. e3 Qa5 7. cxd5 Nxd5 8. Qd2
Bb4 9. Rc1 h6 10. Bh4 O-O 11. Bd3 b6 12. a3 Bxc3 13. bxc3 Ba6 14. c4 Qxd2+ 15.
Kxd2 N5f6 16. e4 e5 17. Bxf6 gxf6 18. c5 Bxd3 19. Kxd3 exd4 20. cxb6 c5 21. b7
Rab8 22. Rb1 Rfe8 23. a4 Re6 24. a5 a6 25. Nd2 Ne5+ 26. Ke2 Rc6 27. f4 Nd7 28.
Kd3 Rc7 29. Kc4 Kf8 30. Kd5 Ke7 31. Nc4 Nf8 32. e5 Ne6 33. exf6+ Kxf6 34. f5
Kxf5 35. Rhf1+ Kg6 36. Nd6 c4 37. Rb6 d3 38. Nxf7 Rxf7 39. Rxe6+ Kg7 40. Rxf7+
Kxf7 41. Re1 Rxb7 42. Kxc4 Rb5 43. Kxd3 Rxa5 44. Rc1 Rd5+ 45. Ke4 Ra5 46. Rc7+
Kg6 47. Kf4 Rf5+ 48. Kg3 a5 49. Ra7 Rb5 50. Ra6+ Kh5 51. Kh3 Kg5 52. g3 h5 53.
Kg2 Kf5 54. Kf3 Rb3+ 55. Kg2 Rb5 56. Kf3 Rb3+ 1/2-1/2

[Event "13th Parsvnath Open"]
[Site "New Delhi IND"]
[Date "2015.01.10"]
[Round "3.11"]
[White "Neelotpal, Das"]
[Black "Deshpande, Aniruddha"]
[Result "1/2-1/2"]
[WhiteTitle "GM"]
[WhiteElo "2437"]
[BlackElo "2157"]
[WhiteFideId "5003512"]
[BlackFideId "5021774"]
[EventDate "2015.01.09"]

1. e4 c5 2. Nc3 Nc6 3. Bb5 Nd4 4. Nf3 Nxb5 5. Nxb5 a6 6. Nc3 d6 7. d4 cxd4 8.
Qxd4 e5 9. Qd3 h6 10. Nd5 Nf6 11. Nxf6+ Qxf6 12. O-O Be7 13. Nd2 Be6 14. Nc4
Bxc4 15. Qxc4 O-O 16. Qb3 b5 17. Rd1 Qe6 18. Rd5 Rac8 19. a4 Rc5 20. axb5 axb5
21. Ra7 Rc4 22. f3 1/2-1/2

[Event "13th Parsvnath Open"]
[Site "New Delhi IND"]
[Date "2015.01.10"]
[Round "3.12"]
[White "Nishant, Malhotra"]
[Black "Prasanna, Raghuram Rao"]
[Result "1/2-1/2"]
[BlackTitle "IM"]
[WhiteElo "2167"]
[BlackElo "2436"]
[WhiteFideId "5099129"]
[BlackFideId "5022401"]
[EventDate "2015.01.09"]

1. d4 d5 2. c4 e6 3. Nc3 c6 4. Nf3 f5 5. g3 Nf6 6. Bg2 Bd6 7. O-O O-O 8. b3 Ne4
9. Bb2 Nd7 10. e3 Ndf6 11. Ne5 Bd7 12. f3 Ng5 13. Qd2 h6 14. Ng6 Re8 15. Rae1 b5
16. Ne5 bxc4 17. bxc4 Rb8 18. Na4 Nf7 19. Bc3 Qc8 20. Nxf7 Kxf7 21. e4 Ba3 22.
Nc5 Kg8 23. Rb1 Rxb1 24. Rxb1 dxc4 25. Bb4 Bxb4 26. Qxb4 fxe4 27. fxe4 e5 28.
Qxc4+ Kh7 29. d5 cxd5 30. exd5 e4 31. Qd4 Bf5 32. Re1 Qd8 33. d6 Qb6 34. Nb3 Qa6
35. a4 Rd8 36. Nc5 Qb6 37. a5 Qxd6 38. Qxd6 Rxd6 39. Nxe4 Nxe4 40. Bxe4 Bxe4 41.
Rxe4 Rd5 42. a6 Rd6 43. Ra4 Kg6 44. Kf2 Rd2+ 45. Kf3 Rxh2 46. Rc4 Ra2 47. Rc6+
Kf5 48. g4+ Ke5 49. Rg6 Ra3+ 50. Ke2 Kd4 51. Kd2 Kc4 52. Kc2 Kb5 53. Rxg7 Rxa6
54. g5 hxg5 55. Rxg5+ Kb4 56. Kb2 Rf6 57. Rg4+ Kb5 58. Rg5+ Kc4 59. Rg4+ Kd3 60.
Rg3+ Ke4 61. Rg4+ Ke5 1/2-1/2

[Event "13th Parsvnath Open"]
[Site "New Delhi IND"]
[Date "2015.01.10"]
[Round "3.13"]
[White "Raghunandan, Kaumandur Srihari"]
[Black "Demchenko, Anton"]
[Result "0-1"]
[WhiteTitle "FM"]
[BlackTitle "GM"]
[WhiteElo "2285"]
[BlackElo "2611"]
[WhiteFideId "25004964"]
[BlackFideId "4160258"]
[EventDate "2015.01.09"]

1. d4 Nf6 2. c4 g6 3. Nc3 Bg7 4. e4 O-O 5. Nf3 d6 6. Be2 Nbd7 7. O-O e5 8. Qc2
c6 9. d5 c5 10. Be3 Ng4 11. Bg5 f6 12. Bd2 Nh6 13. a3 Nb8 14. b4 Na6 15. Rab1
Nf7 16. Bd3 Bd7 17. Kh1 b6 18. g3 Bh3 19. Rg1 Ng5 20. Nh4 Bg4 21. Be2 Bd7 22. b5
Nc7 23. Rgf1 Nf7 24. Bd3 Bh6 25. f4 a6 26. a4 axb5 27. axb5 exf4 28. gxf4 f5 29.
Nf3 fxe4 30. Nxe4 Bg7 31. Bc3 Ne8 32. Nfg5 Bxc3 33. Qxc3 Nh6 34. Ne6 Bxe6 35.
dxe6 Qh4 36. Qd2 Nf5 37. Rbe1 Ra7 38. Qg2 Ra3 39. Qd2 Neg7 40. Bb1 Nh5 41. Kg1
Nd4 42. Nxd6 Rxf4 43. e7 Rg4+ 44. Qg2 Rxg2+ 45. Kxg2 Qg4+ 46. Kh1 Ng3+ 0-1